[Event "AniCup, A-Gruppe"]
[Site "Hamburg"]
[Date "2004.12.30"]
[Round "7"]
[White "Neumann, Michael"]
[Black "Putzbach, Gerd"]
[Result "0-1"]
[WhiteElo "2226"]
[BlackElo "2244"]
[PlyCount "158"]
[EventDate "2000.??.??"]

1. e4 c5 2. Nf3 e6 3. d4 cxd4 4. Nxd4 Nf6 5. Nc3 d6 6. f4 a6 7. Qf3 Qc7 8. Bd3
b5 9. Be3 Bb7 10. a3 Nbd7 11. O-O g6 12. Rae1 Bg7 13. Qh3 {(=)} 13... Nc5 14.
Bf2 h5 15. Kh1 Ng4 16. Bg1 O-O 17. Qg3 e5 18. Nde2 exf4 19. Nxf4 Be5 20. h3 g5
21. hxg4 gxf4 22. Qh4 Qd8 23. g5 Ne6 24. Bh2 Kg7 25. Nd5 Qxg5 26. Qxg5+ Nxg5
27. Nxf4 Rh8 28. c3 Rae8 29. Nd5 Bxh2 30. Kxh2 Re5 31. a4 Bxd5 32. exd5 Rxd5
33. Rd1 Re8 34. axb5 axb5 35. Rf5 Rxf5 36. Bxf5 Re2 37. Rxd6 Rxb2 38. Rd5 Nf3+
39. Kg3 Ne1 40. Be4 Re2 41. Bf3 Nxf3 42. Kxf3 Rc2 43. Rxb5 Rxc3+ 44. Kf4 Kg6
45. Rg5+ Kh6 46. Ra5 Rc6 47. Rb5 Rg6 48. g3 Rg4+ 49. Kf3 Kg6 50. Ra5 Rb4 51.
Rc5 f6 52. Ra5 Rg4 53. Rb5 Rg5 54. Rb4 Rf5+ 55. Kg2 Kg5 56. Ra4 Re5 57. Kf3 Rb5
58. Ra3 Rb4 59. Rc3 f5 60. Ra3 Rb1 61. Rc3 Rf1+ 62. Kg2 Re1 63. Kf2 Re4 64. Kf3
h4 65. gxh4+ Rxh4 66. Kg3 f4+ 67. Kg2 Rh6 68. Rc5+ Kg4 69. Rc8 Re6 70. Kf2 Rg6
71. Rc3 Ra6 72. Rc2 Rh6 73. Kg2 f3+ 74. Kg1 Kf4 75. Rc4+ Kg3 76. Rc3 Ra6 77.
Rc1 Ra2 78. Rd1 Rg2+ 79. Kh1 Rh2+ 0-1

[Event "AniCup, A-Gruppe"]
[Site "Hamburg"]
[Date "2004.12.30"]
[Round "7"]
[White "Maahs, Erich"]
[Black "Feuerstack, Aljoscha"]
[Result "1-0"]
[WhiteElo "2147"]
[BlackElo "2286"]
[PlyCount "89"]
[EventDate "2000.??.??"]

1. e4 c5 2. Nf3 e6 3. d4 cxd4 4. Nxd4 a6 5. Bd3 Bc5 6. Nb3 Be7 7. O-O d6 8. Nc3
Nf6 9. f4 Nbd7 10. Qf3 Qc7 11. Bd2 b6 12. Rae1 Bb7 13. Kh1 h5 14. Qh3 O-O-O 15.
Nd4 h4 16. Rf3 Nh5 17. b4 g5 18. fxg5 Ne5 19. Rf2 Rdg8 20. Nd5 Qd8 21. Nxe6
fxe6 22. Qxe6+ Kb8 23. Qxe7 Qxe7 24. Nxe7 Rg7 25. Nd5 Ng4 26. Rf3 Ne5 27. Rh3
Bc8 28. Rxh4 Ng6 29. Rh3 Bxh3 30. gxh3 Ne5 31. Rf1 Rgh7 32. h4 Kb7 33. Be2 Rc8
34. c3 Rhh8 35. Be1 Ng7 36. Rf6 Ne8 37. Re6 Rd8 38. Re7+ Rd7 39. Rxd7+ Nxd7 40.
h5 Ne5 41. h6 Rg8 42. h4 Nf7 43. Bd2 Nh8 44. Bh5 Rf8 45. Kg2 1-0

[Event "AniCup, A-Gruppe"]
[Site "Hamburg"]
[Date "2004.12.30"]
[Round "7"]
[White "Peterwitz, Klaus"]
[Black "Hermesmann, Hans"]
[Result "1/2-1/2"]
[WhiteElo "2071"]
[BlackElo "2300"]
[PlyCount "39"]
[EventDate "2000.??.??"]

1. Nf3 Nf6 2. g3 g6 3. Bg2 Bg7 4. d4 O-O 5. O-O d6 6. h3 Nbd7 7. c4 e5 8. Nc3
a6 9. dxe5 dxe5 10. Qc2 Re8 11. Rd1 Rb8 12. a4 a5 13. Be3 c6 14. Ng5 Qe7 15.
Nge4 Nxe4 16. Nxe4 Rf8 17. Qd2 Ra8 18. Qd6 Qxd6 19. Nxd6 Nf6 20. Nxc8 1/2-1/2

[Event "AniCup, A-Gruppe"]
[Site "Hamburg"]
[Date "2004.12.30"]
[Round "7"]
[White "Hebbinghaus, Holger"]
[Black "Michaelow, Sergej"]
[Result "1-0"]
[WhiteElo "2343"]
[BlackElo "2173"]
[PlyCount "63"]
[EventDate "2000.??.??"]

1. e4 d6 2. d4 g6 3. Nc3 Bg7 4. Be3 a6 5. Qd2 b5 6. a4 b4 7. Nd1 a5 8. c3 Nf6
9. f3 Na6 10. Bd3 c5 11. Ne2 Nd7 12. O-O bxc3 13. bxc3 O-O 14. Bh6 cxd4 15.
Bxg7 Kxg7 16. cxd4 Nb4 17. Bb5 Nb6 18. Ne3 Bd7 19. d5 Bxb5 20. axb5 Nd7 21. Nd4
Qb8 22. Ra3 Rc8 23. Ng4 Qb6 24. Kh1 Ne5 25. Qh6+ Kg8 26. Nxe5 Qxd4 27. Nc6 Rxc6
28. bxc6 Nc2 29. Rb3 a4 30. Rb7 Nb4 31. Rb1 a3 32. c7 1-0